000 00611nam a22002057a 4500
003 LK-CoMWRAF
005 20231122132134.0
008 230930b2011 |||||||| |||| 00| 0 eng d
020 _a9789558610510
040 _aLK-CoMWRAF
_dLK-CoMWRAF
_eLK-CoMWRAF
041 _aeng
082 _a305.42
_bCEN
245 _aCEDAW commitments:
_ba progress review : Sri Lanka
260 _aColombo:
_bCentre for Women's Research,
_c2011
300 _av, 186 p. 23cm.
650 _aWOMEN'S RIGHTS-Sri Lanka
650 _aWomen-Government policy-Sri Lanka
650 _aWomen-Legal status, laws,-Sri Lanka
942 _cBK
999 _c3759
_d3759